00637nam a2200181Ia 4500003000500000005001700005008004100022020003500063040001400098082001500112100003300127245008000160260003800240300002200278942003400300999001900334952010200353322820230629151803.0210817s9999 xx ed 000 1 AFR d a9781868390427qHardcover (hbk) aRDAc3228 aLP AF DEVI ade Villiers, Reinette919960 0aTerwille van ons drome cReinette de Villiers; Omslagontwerp: Carine Marais bDAAN RETIEF/KENNIS ONBEPERKc1993 a255 pagesc21 cm. cBK2ddcy245zIzakina Blanche c211139d211138 00102ddc4070aMIDDLbJERELd2021-08-18oLP AF DEVIp33228018107621r2021-08-18w2021-08-18yBK